<?xml version="1.0" encoding="UTF-8"?>
<collection xmlns="http://www.loc.gov/MARC21/slim">
 <record>
  <leader>00340pamaa2200133   4500</leader>
  <controlfield tag="001">0000023360</controlfield>
  <controlfield tag="005">20000314090000.0</controlfield>
  <datafield tag="020" ind1="0" ind2="0">
   <subfield code="a">072232488X </subfield>
  </datafield>
  <datafield tag="090" ind1="0" ind2="0">
   <subfield code="a">811.005  </subfield>
   <subfield code="b">CLA</subfield>
  </datafield>
  <datafield tag="100" ind1="1" ind2="0">
   <subfield code="a">CLARK </subfield>
  </datafield>
  <datafield tag="245" ind1="1" ind2="0">
   <subfield code="a">For family and friends  </subfield>
   <subfield code="c">Joan Clark.</subfield>
  </datafield>
  <datafield tag="260" ind1="0" ind2="0">
   <subfield code="a">Elms Court: </subfield>
   <subfield code="b">Arthur H. Stockwell Ltd., </subfield>
   <subfield code="c">1990.</subfield>
  </datafield>
  <datafield tag="300" ind1=" " ind2=" ">
   <subfield code="a">56p.; </subfield>
   <subfield code="c">15cm.</subfield>
  </datafield>
  <datafield tag="650" ind1="0" ind2="0">
   <subfield code="a">English poetry </subfield>
  </datafield>
 </record>
</collection>
